Влияние полигона твёрдых бытовых отходов села Молчаново на окружающую среду; Проблемы геологии и освоения недр

Podrobná bibliografie
Parent link:Проблемы геологии и освоения недр.— 2004.— С. 251-252
Hlavní autor: Лоханова Ю. Ю.
Další autoři: Шварцева Н. М. (научный руководитель)
Jazyk:ruština
Vydáno: 2004
Témata:
Médium: MixedMaterials Kapitola
KOHA link:https://koha.lib.tpu.ru/cgi-bin/koha/opac-detail.pl?biblionumber=210785

MARC

LEADER 00000naa2a2200000 4500
001 210785
005 20231031192211.0
035 |a (RuTPU)RU\TPU\book\230227 
090 |a 210785 
100 |a 20120302d2004 k y0rusy50 ca 
101 0 |a rus 
102 |a RU 
200 1 |a Влияние полигона твёрдых бытовых отходов села Молчаново на окружающую среду  |f Ю. Ю. Лоханова  |g науч. рук. Н. М. Шварцева 
463 0 |0 (RuTPU)RU\TPU\book\77451  |y 5-89503-079-3  |t Проблемы геологии и освоения недр  |o труды Восьмого Международного симпозиума имени ак. М. А. Усова студентов и молодых ученых, посвященного 400-летию г. Томска, 5-9 апреля 2004 г., Томск  |f Администрация г. Томска; Томский политехнический университет  |v С. 251-252  |d 2004  |p 913 с. 
610 1 |a бытовые отходы 
610 1 |a твердые бытовые отходы 
610 1 |a полигоны 
610 1 |a гидроэкологический мониторинг 
610 1 |a экологическая ситуация 
610 1 |a загрязнение 
610 1 |a труды учёных ТПУ 
700 1 |a Лоханова  |b Ю. Ю. 
702 1 |a Шварцева  |b Н. М.  |4 727 
801 1 |a RU  |b 63413507  |c 20120302 
942 |c BK